000 00926nam a2200229Ii 4500
003 JO-AjNU
008 230605s9999||||xx |||||||||||||| ||und||
017 _a1998/13020
020 _a977-01-5929-8
040 _aJO-AjNU
_bara
_erda
_cJO-AjNU
041 _aara
050 1 4 _aHQ1206 .H23912 1998
100 3 _aتأليف: هاندلي، جين وروبرت / م.مشارك: يولين نيف ؛ ترجمة: سهير محفوظ,
_eauthor
_916015
245 0 0 _aكيف تتخلصين من القلق = Why women worry and how to stop
264 3 1 _aالقاهرة: الهيئة المصرية العامة للكتاب، 1998
300 _a274ص
_bيحتوي ببلوغرافية من ص 267-274ص
336 _atext
_btxt
_2rdacontent
337 _aunmediated
_bn
_2rdamedia
338 _avolume
_bnc
_2rdacarrier
490 0 _aسلسلة الالف كتاب الثاني؛ 309
650 4 _aالمرأة - القلق
_916016
999 _aA4654
_c8222
_d8222